[Event "XLIV Memoriał Szachowy Ludwika Zamenhofa 2025, Grupa A"]
[Site "Białystok, Poland"]
[Date "2025.12.30"]
[Round "8.20"]
[White "Podgorski, Maciej"]
[Black "Kiolbasa, Damian"]
[Result "1/2-1/2"]
[TimeControl "90'+30\""]
[WhiteElo "2030"]
[BlackElo "2079"]

1. c4 {[%clk 01:28:13]} {[%emt 00:02:46]} Nf6 {[%clk 01:19:55]} {[%emt
00:11:05]} 2. Nc3 {[%clk 01:28:26]} {[%emt 00:00:17]} g6 {[%clk 01:20:21]}
{[%emt 00:00:05]} 3. g3 {[%clk 01:28:42]} {[%emt 00:00:13]} Bg7 {[%clk
01:20:43]} {[%emt 00:00:08]} 4. Bg2 {[%clk 01:29:06]} {[%emt 00:00:07]} O-O
{[%clk 01:21:08]} {[%emt 00:00:05]} 5. d4 {[%clk 01:29:28]} {[%emt 00:00:07]}
c5 {[%clk 01:21:37]} {[%emt 00:00:02]} 6. d5 {[%clk 01:23:30]} {[%emt
00:06:28]} e6 {[%clk 01:22:06]} {[%emt 00:00:01]} 7. e4 {[%clk 01:16:45]}
{[%emt 00:07:14]} exd5 {[%clk 01:22:33]} {[%emt 00:00:03]} 8. exd5 {[%clk
01:17:06]} {[%emt 00:00:10]} d6 {[%clk 01:22:38]} {[%emt 00:00:25]} 9. h3
{[%clk 01:17:17]} {[%emt 00:00:19]} Na6 {[%clk 01:21:52]} {[%emt 00:01:16]} 10.
Nge2 {[%clk 01:13:21]} {[%emt 00:04:26]} Nc7 {[%clk 01:22:16]} {[%emt
00:00:06]} 11. O-O {[%clk 01:13:06]} {[%emt 00:00:45]} a6 {[%clk 01:22:45]}
{[%emt 00:00:02]} 12. a4 {[%clk 01:12:56]} {[%emt 00:00:39]} Rb8 {[%clk
01:23:14]} {[%emt 00:00:02]} 13. a5 {[%clk 01:10:55]} {[%emt 00:02:30]} b5
{[%clk 01:23:39]} {[%emt 00:00:04]} 14. axb6 {[%clk 01:11:20]} {[%emt
00:00:05]} Rxb6 {[%clk 01:24:06]} {[%emt 00:00:03]} 15. b3 {[%clk 01:10:07]}
{[%emt 00:01:43]} Nh5 {[%clk 01:20:16]} {[%emt 00:04:21]} 16. g4 {[%clk
01:08:16]} {[%emt 00:02:21]} Nf6 {[%clk 01:20:43]} {[%emt 00:00:02]} 17. Bb2
{[%clk 01:06:00]} {[%emt 00:02:46]} h5 {[%clk 01:08:18]} {[%emt 00:12:56]} 18.
g5 {[%clk 01:05:30]} {[%emt 00:01:00]} Nh7 {[%clk 01:04:54]} {[%emt 00:03:53]}
19. h4 {[%clk 00:58:22]} {[%emt 00:07:38]} f6 {[%clk 01:04:58]} {[%emt
00:00:26]} 20. Na4 {[%clk 00:48:03]} {[%emt 00:10:50]} Rb8 {[%clk 01:05:16]}
{[%emt 00:00:12]} 21. f4 {[%clk 00:46:59]} {[%emt 00:01:34]} Bg4 {[%clk
01:05:23]} {[%emt 00:00:23]} 22. Qc2 {[%clk 00:42:00]} {[%emt 00:05:28]} Qe8
{[%clk 01:02:58]} {[%emt 00:02:55]} 23. Rf2 {[%clk 00:34:00]} {[%emt 00:08:30]}
Bf5 {[%clk 00:59:54]} {[%emt 00:03:34]} 24. Qc3 {[%clk 00:30:49]} {[%emt
00:03:42]} Rf7 {[%clk 01:00:10]} {[%emt 00:00:13]} 25. Qg3 {[%clk 00:27:24]}
{[%emt 00:03:54]} Re7 {[%clk 01:00:27]} {[%emt 00:00:14]} 26. Nc1 {[%clk
00:19:44]} {[%emt 00:08:10]} Bg4 {[%clk 00:58:18]} {[%emt 00:02:39]} 27. f5
{[%clk 00:17:00]} {[%emt 00:03:15]} gxf5 {[%clk 00:54:05]} {[%emt 00:04:43]} 28.
Qxd6 {[%clk 00:16:40]} {[%emt 00:00:49]} fxg5 {[%clk 00:54:05]} {[%emt
00:00:31]} 29. Bxg7 {[%clk 00:16:34]} {[%emt 00:00:36]} Kxg7 {[%clk 00:54:34]}
{[%emt 00:00:02]} 30. Qxc5 {[%clk 00:15:39]} {[%emt 00:01:23]} Re1+ {[%clk
00:54:19]} {[%emt 00:00:45]} 31. Rf1 {[%clk 00:12:31]} {[%emt 00:03:38]} Rxf1+
{[%clk 00:54:23]} {[%emt 00:00:27]} 32. Bxf1 {[%clk 00:09:11]} {[%emt
00:03:49]} Qe5 {[%clk 00:54:45]} {[%emt 00:00:09]} 33. Nd3 {[%clk 00:08:25]}
{[%emt 00:01:16]} Qg3+ {[%clk 00:54:38]} {[%emt 00:00:37]} 34. Bg2 {[%clk
00:08:34]} {[%emt 00:00:21]} Bh3 {[%clk 00:50:09]} {[%emt 00:04:59]} 35. Ne1
{[%clk 00:07:15]} {[%emt 00:01:48]} Re8 {[%clk 00:50:00]} {[%emt 00:00:40]} 36.
Qf2 {[%clk 00:06:47]} {[%emt 00:00:55]} Qxb3 {[%clk 00:46:46]} {[%emt
00:03:47]} 37. Qb2+ {[%clk 00:05:00]} {[%emt 00:02:17]} Qxb2 {[%clk 00:47:02]}
{[%emt 00:00:14]} 38. Nxb2 {[%clk 00:05:26]} {[%emt 00:00:04]} Bxg2 {[%clk
00:47:20]} {[%emt 00:00:12]} 39. Nxg2 {[%clk 00:05:31]} {[%emt 00:00:24]} Re2
{[%clk 00:43:49]} {[%emt 00:04:01]} 40. d6 {[%clk 00:02:43]} {[%emt 00:03:19]}
Ne6 {[%clk 00:44:18]} {[%emt 00:00:02]} 41. Rxa6 {[%clk 00:01:35]} {[%emt
00:01:37]} Rxb2 {[%clk 00:44:34]} {[%emt 00:00:13]} 42. d7 {[%clk 00:02:02]}
{[%emt 00:00:04]} Nhf8 {[%clk 00:44:23]} {[%emt 00:00:41]} 43. c5 {[%clk
00:01:27]} {[%emt 00:01:05]} Rc2 {[%clk 00:44:02]} {[%emt 00:00:50]} 44. c6
{[%clk 00:01:40]} {[%emt 00:00:17]} Nd8 {[%clk 00:44:28]} {[%emt 00:00:05]} 45.
Ra8 {[%clk 00:01:18]} {[%emt 00:00:51]} Nfe6 {[%clk 00:44:34]} {[%emt
00:00:24]} 46. Ne3 {[%clk 00:01:19]} {[%emt 00:00:30]} Rxc6 {[%clk 00:44:44]}
{[%emt 00:00:20]} 47. Nxf5+ {[%clk 00:01:37]} {[%emt 00:00:12]} Kf6 {[%clk
00:44:58]} {[%emt 00:00:16]} 48. Nd4 {[%clk 00:01:11]} {[%emt 00:00:57]} Nxd4
{[%clk 00:36:48]} {[%emt 00:08:39]} 49. Rxd8 {[%clk 00:01:35]} {[%emt
00:00:06]} Ke7 {[%emt 00:00:04]} 50. Rh8 {[%clk 00:01:18]} {[%emt 00:00:44]}
Kxd7 {[%clk 00:37:44]} {[%emt 00:00:03]} 51. hxg5 {[%clk 00:01:35]} {[%emt
00:00:13]} h4 {[%clk 00:38:05]} {[%emt 00:00:08]} 52. Kg2 {[%clk 00:01:33]}
{[%emt 00:00:33]} Nf5 {[%clk 00:37:43]} {[%emt 00:00:53]} 53. Kh3 {[%clk
00:01:04]} {[%emt 00:00:58]} Ke6 {[%clk 00:37:10]} {[%emt 00:01:02]} 54. Re8+
{[%clk 00:00:50]} {[%emt 00:00:44]} Kf7 {[%clk 00:37:39]} {[%emt 00:00:02]} 55.
Re4 {[%clk 00:00:58]} {[%emt 00:00:21]} Kg6 {[%clk 00:37:59]} {[%emt 00:00:11]}
56. Kg4 {[%clk 00:01:13]} {[%emt 00:00:14]} Rd6 {[%clk 00:35:50]} {[%emt
00:02:40]} 57. Ra4 {[%clk 00:01:19]} {[%emt 00:00:23]} Re6 {[%clk 00:35:58]}
{[%emt 00:00:22]} 58. Rb4 {[%clk 00:01:22]} {[%emt 00:00:25]} Ra6 {[%clk
00:35:18]} {[%emt 00:01:13]} 59. Re4 {[%clk 00:01:21]} {[%emt 00:00:30]} Rd6
{[%clk 00:29:37]} {[%emt 00:06:12]} 60. Ra4 {[%clk 00:01:36]} {[%emt 00:00:15]}
h3 {[%clk 00:16:22]} {[%emt 00:13:44]} 61. Kxh3 {[%clk 00:01:48]} {[%emt
00:00:18]} Kxg5 {[%clk 00:16:50]} 62. Ra8 {[%clk 00:01:49]} {[%emt 00:00:31]}
Rd2 {[%clk 00:17:11]} {[%emt 00:00:10]} 63. Rg8+ {[%clk 00:02:03]} {[%emt
00:00:16]} Kf4 {[%clk 00:17:39]} {[%emt 00:00:02]} 64. Rf8 {[%clk 00:01:40]}
{[%emt 00:00:53]} Rf2 {[%clk 00:18:01]} {[%emt 00:00:07]} 65. Ra8 {[%clk
00:01:04]} {[%emt 00:01:07]} Kf3 {[%emt 00:01:01]} 66. Rf8 Ke2 {[%clk
00:18:21]} {[%emt 00:00:02]} 67. Re8+ {[%clk 00:01:16]} {[%emt 00:00:25]} Ne3
{[%clk 00:18:38]} {[%emt 00:00:13]} 68. Kg3 {[%clk 00:01:22]} {[%emt 00:00:23]}
Rf5 {[%clk 00:18:20]} {[%emt 00:00:48]} 69. Re7 {[%clk 00:01:16]} {[%emt
00:00:36]} Rf3+ {[%clk 00:18:47]} {[%emt 00:00:03]} 70. Kh4 {[%clk 00:01:29]}
{[%emt 00:00:16]} Kf2 {[%clk 00:19:10]} {[%emt 00:00:08]} 71. Ra7 {[%clk
00:01:37]} {[%emt 00:00:22]} Rf5 {[%clk 00:19:27]} {[%emt 00:00:13]} 72. Ra2+
{[%clk 00:01:43]} {[%emt 00:00:25]} Kf3 {[%clk 00:19:43]} {[%emt 00:00:14]} 73.
Ra3 {[%clk 00:01:35]} {[%emt 00:00:38]} Rb5 {[%clk 00:19:46]} {[%emt 00:00:27]}
74. Rd3 {[%clk 00:01:22]} {[%emt 00:00:43]} Rc5 {[%clk 00:18:25]} {[%emt
00:01:52]} 75. Ra3 {[%clk 00:01:22]} {[%emt 00:00:27]} Kf4 {[%clk 00:18:49]}
{[%emt 00:00:08]} 76. Ra4+ {[%clk 00:01:26]} {[%emt 00:00:26]} Nc4 {[%clk
00:19:17]} {[%emt 00:00:01]} 77. Ra8 {[%clk 00:01:06]} {[%emt 00:00:50]} Nd6
{[%clk 00:19:38]} {[%emt 00:00:10]} 78. Rf8+ {[%clk 00:01:12]} {[%emt
00:00:24]} Nf5 {[%clk 00:19:58]} {[%emt 00:00:10]} 79. Kh3 {[%clk 00:01:31]}
{[%emt 00:00:10]} Kf3 {[%clk 00:20:02]} {[%emt 00:00:27]} 80. Rf7 {[%clk
00:01:37]} {[%emt 00:00:24]} Ke4 {[%clk 00:20:15]} {[%emt 00:00:17]} 81. Ra7
{[%clk 00:01:03]} {[%emt 00:01:04]} Rc6 {[%clk 00:20:21]} {[%emt 00:00:23]} 82.
Ra8 {[%clk 00:01:03]} {[%emt 00:00:30]} Kf3 {[%clk 00:20:35]} {[%emt 00:00:16]}
83. Ra3+ {[%clk 00:01:02]} {[%emt 00:00:32]} Kf4 {[%clk 00:18:00]} {[%emt
00:03:05]} 84. Ra4+ {[%clk 00:01:19]} {[%emt 00:00:13]} Kg5 {[%clk 00:18:29]}
85. Rg4+ {[%clk 00:01:37]} {[%emt 00:00:12]} Kh5 {[%clk 00:18:58]} {[%emt
00:00:02]} 86. Rg8 {[%clk 00:01:33]} {[%emt 00:00:33]} Rc3+ {[%clk 00:19:27]}
{[%emt 00:00:01]} 87. Kh2 {[%clk 00:01:50]} {[%emt 00:00:14]} Kh4 {[%clk
00:19:47]} {[%emt 00:00:10]} 88. Kg2 {[%clk 00:00:49]} {[%emt 00:01:28]} Nh6
{[%clk 00:19:53]} {[%emt 00:00:27]} 89. Rh8 {[%clk 00:01:06]} {[%emt 00:00:13]}
Kg5 {[%clk 00:20:22]} {[%emt 00:00:01]} 90. Kf2 {[%clk 00:01:18]} {[%emt
00:00:16]} Nf5 {[%clk 00:20:41]} {[%emt 00:00:12]} 91. Ke2 {[%clk 00:01:30]}
{[%emt 00:00:14]} Kf4 {[%clk 00:21:05]} {[%emt 00:00:11]} 92. Kd2 {[%clk
00:01:47]} {[%emt 00:00:12]} Rg3 {[%emt 00:00:31]} 93. Re8 {[%clk 00:01:51]}
Nd6 {[%clk 00:21:58]} {[%emt 00:00:03]} 94. Rf8+ {[%clk 00:01:59]} {[%emt
00:00:22]} Ke4 {[%clk 00:22:21]} {[%emt 00:00:07]} 95. Kc2 {[%clk 00:01:39]}
{[%emt 00:00:50]} Kd4 {[%clk 00:22:36]} {[%emt 00:00:15]} 96. Rd8 {[%clk
00:02:00]} {[%emt 00:00:08]} Kc5 {[%clk 00:22:56]} {[%emt 00:00:10]} 97. Rh8
{[%clk 00:02:04]} {[%emt 00:00:26]} Nb5 {[%clk 00:23:07]} {[%emt 00:00:19]} 98.
Rc8+ {[%clk 00:02:08]} {[%emt 00:00:26]} Kb4 {[%clk 00:23:35]} {[%emt
00:00:03]} 99. Kd2 {[%clk 00:02:19]} {[%emt 00:00:18]} Nd4 {[%clk 00:23:55]}
{[%emt 00:00:11]} 100. Ke1 {[%clk 00:02:21]} {[%emt 00:00:27]} Rg2 {[%clk
00:24:17]} {[%emt 00:00:08]} 101. Kf1 {[%clk 00:02:27]} {[%emt 00:00:24]} Rd2
{[%clk 00:24:34]} {[%emt 00:00:14]} 102. Ke1 {[%clk 00:02:16]} {[%emt
00:00:40]} Ra2 {[%clk 00:25:01]} {[%emt 00:00:03]} 103. Kf1 {[%clk 00:02:36]}
{[%emt 00:00:10]} Nb3 {[%clk 00:25:24]} {[%emt 00:00:08]} 104. Kg1 {[%clk
00:02:44]} {[%emt 00:00:21]} Nc5 {[%clk 00:25:53]} {[%emt 00:00:02]} 105. Kh1
{[%clk 00:02:57]} {[%emt 00:00:17]} Kc4 {[%clk 00:26:22]} {[%emt 00:00:01]} 106.
Rd8 {[%clk 00:02:38]} {[%emt 00:00:48]} Ne6 {[%clk 00:26:45]} {[%emt 00:00:08]}
107. Rd7 {[%clk 00:02:49]} {[%emt 00:00:19]} Nd4 {[%clk 00:27:13]} {[%emt
00:00:02]} 108. Rc7+ {[%clk 00:02:32]} {[%emt 00:00:47]} Kd3 {[%clk 00:27:32]}
{[%emt 00:00:10]} 109. Re7 {[%clk 00:02:37]} {[%emt 00:00:26]} Nf3 {[%clk
00:27:57]} {[%emt 00:00:05]} 110. Re3+ {[%clk 00:02:53]} {[%emt 00:00:14]} Kxe3
{[%clk 00:28:19]} {[%emt 00:00:08]} 1/2-1/2

[Event "XLIV Memoriał Szachowy Ludwika Zamenhofa 2025, Grupa A"]
[Site "Białystok, Poland"]
[Date "2025.12.30"]
[Round "8.21"]
[White "Buklaho, Ignacy"]
[Black "Serafin, Franciszek"]
[Result "1/2-1/2"]
[TimeControl "90'+30\""]
[WhiteElo "2049"]
[BlackElo "2033"]

1. e4 {[%clk 01:30:54]} {[%emt 00:00:05]} c5 {[%clk 01:30:43]} {[%emt
00:00:17]} 2. Nf3 {[%clk 01:31:19]} {[%emt 00:00:06]} Nc6 {[%clk 01:31:10]} 3.
d4 {[%clk 01:31:41]} {[%emt 00:00:11]} cxd4 4. Nxd4 e5 {[%clk 01:31:46]} {[%emt
00:00:03]} 5. Nb5 {[%clk 01:32:34]} {[%emt 00:00:04]} d6 {[%clk 01:32:13]} 6.
N1c3 {[%clk 01:32:58]} {[%emt 00:00:09]} a6 {[%emt 00:00:11]} 7. Na3 Be6 {[%clk
01:32:54]} {[%emt 00:01:00]} 8. Nc4 b5 {[%emt 00:00:46]} 9. Ne3 {[%clk
01:33:18]} {[%emt 00:00:03]} Nf6 {[%clk 01:33:17]} {[%emt 00:00:07]} 10. Bd3
{[%clk 01:32:23]} {[%emt 00:01:25]} g6 {[%clk 01:33:24]} {[%emt 00:00:22]} 11.
O-O {[%clk 01:32:24]} {[%emt 00:00:29]} Bg7 {[%clk 01:33:45]} {[%emt 00:00:10]}
12. Ncd5 {[%clk 01:32:16]} {[%emt 00:00:38]} O-O {[%clk 01:23:35]} {[%emt
00:10:40]} 13. Nxf6+ {[%clk 01:27:57]} {[%emt 00:04:49]} Bxf6 {[%clk 01:23:33]}
{[%emt 00:00:32]} 14. c4 {[%clk 01:26:47]} {[%emt 00:01:40]} Nd4 {[%clk
01:22:49]} {[%emt 00:01:15]} 15. b3 {[%clk 01:26:41]} {[%emt 00:00:35]} Qb6
{[%clk 01:21:47]} {[%emt 00:01:31]} 16. cxb5 {[%clk 01:14:22]} {[%emt
00:12:50]} axb5 {[%clk 01:21:40]} {[%emt 00:00:37]} 17. Bb2 {[%clk 01:14:45]}
{[%emt 00:00:07]} Bg7 {[%clk 01:20:46]} {[%emt 00:01:23]} 18. Nc2 {[%clk
01:10:33]} {[%emt 00:04:43]} d5 {[%clk 01:16:47]} {[%emt 00:04:30]} 19. Nxd4
{[%clk 00:57:25]} {[%emt 00:13:37]} exd4 {[%clk 01:17:12]} {[%emt 00:00:04]} 20.
Qe2 {[%clk 00:55:56]} {[%emt 00:01:59]} dxe4 {[%clk 01:16:38]} {[%emt
00:01:05]} 21. Bxe4 {[%clk 00:55:06]} {[%emt 00:01:20]} Rac8 {[%clk 01:13:06]}
{[%emt 00:04:01]} 22. Qd3 {[%clk 00:46:25]} {[%emt 00:09:11]} Rfd8 {[%clk
01:05:52]} {[%emt 00:07:44]} 23. Rfd1 {[%clk 00:42:24]} {[%emt 00:04:31]} Bd5
{[%clk 00:51:44]} {[%emt 00:14:39]} 24. Bxd5 {[%clk 00:39:58]} {[%emt
00:02:55]} Rxd5 {[%clk 00:52:10]} {[%emt 00:00:05]} 25. Rac1 {[%clk 00:38:46]}
{[%emt 00:01:41]} Rxc1 {[%clk 00:51:18]} {[%emt 00:01:23]} 26. Rxc1 {[%clk
00:39:14]} {[%emt 00:00:02]} Rd8 {[%clk 00:51:40]} {[%emt 00:00:08]} 27. h3
{[%clk 00:39:06]} {[%emt 00:00:37]} h5 {[%clk 00:51:43]} {[%emt 00:00:27]} 28.
b4 {[%clk 00:37:57]} {[%emt 00:01:40]} h4 {[%clk 00:50:03]} {[%emt 00:02:10]}
29. a3 {[%clk 00:36:51]} {[%emt 00:01:35]} Re8 {[%clk 00:46:08]} {[%emt
00:04:25]} 30. Rd1 {[%clk 00:31:38]} {[%emt 00:05:43]} Rd8 {[%clk 00:45:04]}
{[%emt 00:01:34]} 31. Qe4 {[%clk 00:30:43]} {[%emt 00:01:26]} Bf6 {[%clk
00:45:16]} {[%emt 00:00:18]} 1/2-1/2

[Event "XLIV Memoriał Szachowy Ludwika Zamenhofa 2025, Grupa A"]
[Site "Białystok, Poland"]
[Date "2025.12.30"]
[Round "8.22"]
[White "Ejsymont, Blanka"]
[Black "Obukhava, Anastasiya"]
[Result "1/2-1/2"]
[TimeControl "90'+30\""]
[WhiteElo "2049"]
[BlackElo "2146"]

1. e4 {[%clk 01:30:58]} c5 {[%clk 01:30:05]} {[%emt 00:00:56]} 2. Nf3 {[%clk
01:31:18]} {[%emt 00:00:10]} d6 {[%clk 01:30:27]} {[%emt 00:00:09]} 3. d4
{[%clk 01:31:45]} {[%emt 00:00:02]} cxd4 {[%clk 01:30:51]} {[%emt 00:00:06]} 4.
Nxd4 {[%clk 01:32:11]} {[%emt 00:00:04]} Nf6 {[%clk 01:31:15]} {[%emt
00:00:06]} 5. Nc3 {[%clk 01:32:38]} {[%emt 00:00:03]} a6 {[%clk 01:31:38]}
{[%emt 00:00:06]} 6. Bc4 {[%clk 01:33:05]} {[%emt 00:00:03]} e6 {[%clk
01:28:46]} {[%emt 00:03:23]} 7. Be3 {[%clk 01:33:25]} {[%emt 00:00:09]} Be7
{[%clk 01:27:04]} {[%emt 00:02:12]} 8. Bb3 {[%clk 01:33:47]} {[%emt 00:00:08]}
Nbd7 {[%clk 01:26:00]} {[%emt 00:01:34]} 9. Bxe6 {[%clk 01:26:59]} {[%emt
00:07:18]} fxe6 {[%clk 01:19:25]} {[%emt 00:07:05]} 10. Nxe6 {[%clk 01:27:27]}
{[%emt 00:00:03]} Qa5 {[%clk 01:19:54]} {[%emt 00:00:01]} 11. Nxg7+ {[%clk
01:27:06]} {[%emt 00:00:50]} Kf7 {[%clk 01:20:02]} {[%emt 00:00:22]} 12. Nf5
{[%clk 01:27:26]} {[%emt 00:00:10]} Ne5 {[%clk 01:15:52]} {[%emt 00:04:40]} 13.
Qd4 {[%clk 00:57:40]} {[%emt 00:30:15]} Be6 {[%clk 00:59:58]} {[%emt 00:16:24]}
14. O-O-O {[%clk 00:46:57]} {[%emt 00:11:14]} Rhd8 {[%clk 00:58:57]} {[%emt
00:01:32]} 15. Nxe7 {[%clk 00:45:56]} {[%emt 00:01:31]} Kxe7 {[%clk 00:59:25]}
{[%emt 00:00:02]} 16. Bg5 {[%clk 00:45:29]} {[%emt 00:00:57]} Nd3+ {[%clk
00:59:41]} {[%emt 00:00:13]} 17. Qxd3 {[%clk 00:42:23]} {[%emt 00:03:36]} Qxg5+
{[%clk 01:00:02]} {[%emt 00:00:09]} 18. Kb1 {[%clk 00:41:51]} {[%emt 00:01:02]}
Rd7 {[%clk 00:43:56]} {[%emt 00:16:36]} 19. g3 {[%clk 00:39:00]} {[%emt
00:03:21]} Qc5 {[%clk 00:41:09]} {[%emt 00:03:16]} 20. f4 {[%clk 00:31:23]}
{[%emt 00:08:08]} Rg8 {[%clk 00:34:30]} {[%emt 00:07:09]} 21. Rhe1 {[%clk
00:28:59]} {[%emt 00:02:54]} Kd8 {[%clk 00:33:19]} {[%emt 00:01:41]} 22. Qf1
{[%clk 00:23:09]} {[%emt 00:06:19]} Kc8 {[%clk 00:21:57]} {[%emt 00:11:53]} 23.
f5 {[%clk 00:18:46]} {[%emt 00:04:53]} Bc4 {[%clk 00:21:24]} {[%emt 00:01:03]}
24. Qf4 {[%clk 00:19:07]} {[%emt 00:00:09]} Qe5 {[%clk 00:20:04]} {[%emt
00:01:50]} 25. Qf2 {[%clk 00:18:41]} {[%emt 00:00:56]} Ng4 {[%clk 00:19:44]}
{[%emt 00:00:50]} 26. Qd2 {[%clk 00:14:03]} {[%emt 00:05:06]} Qa5 {[%clk
00:17:48]} {[%emt 00:02:27]} 27. h3 {[%clk 00:11:26]} {[%emt 00:03:08]} Ne5
{[%clk 00:17:53]} {[%emt 00:00:25]} 28. Qe3 {[%clk 00:11:29]} {[%emt 00:00:27]}
h5 {[%clk 00:11:50]} {[%emt 00:06:33]} 29. Rd4 {[%clk 00:07:17]} {[%emt
00:04:42]} Bf7 {[%clk 00:08:22]} {[%emt 00:03:57]} 30. Nd5 {[%emt 00:02:26]}
Bxd5 {[%clk 00:08:32]} {[%emt 00:00:19]} 31. Rxd5 {[%clk 00:05:47]} {[%emt
00:00:06]} Qd8 {[%clk 00:08:56]} {[%emt 00:00:07]} 32. Red1 {[%clk 00:05:10]}
{[%emt 00:01:06]} Qg5 {[%clk 00:08:31]} {[%emt 00:00:55]} 33. Qc3+ {[%clk
00:03:00]} {[%emt 00:02:40]} Rc7 {[%clk 00:08:45]} {[%emt 00:00:17]} 34. Qb4
{[%clk 00:02:02]} {[%emt 00:01:28]} Nc4 {[%clk 00:07:16]} {[%emt 00:01:58]} 35.
R5d3 {[%clk 00:01:48]} {[%emt 00:00:43]} Qf6 {[%clk 00:05:57]} {[%emt
00:01:50]} 36. Rc3 {[%clk 00:01:35]} {[%emt 00:00:43]} b5 {[%clk 00:05:52]}
{[%emt 00:00:36]} 37. a4 {[%clk 00:01:09]} {[%emt 00:00:56]} Qe5 {[%clk
00:04:12]} {[%emt 00:02:09]} 38. axb5 {[%clk 00:01:29]} {[%emt 00:00:09]} Qxe4
{[%clk 00:03:30]} {[%emt 00:01:13]} 39. Qb3 {[%clk 00:00:49]} {[%emt 00:01:09]}
axb5 {[%clk 00:01:45]} {[%emt 00:02:16]} 40. Qxb5 {[%clk 00:00:51]} {[%emt
00:00:28]} Rd8 {[%clk 00:00:34]} {[%emt 00:01:41]} 41. Qd5 {[%clk 00:00:35]}
{[%emt 00:00:45]} Qxd5 {[%clk 00:00:40]} {[%emt 00:00:25]} 42. Rxd5 {[%clk
00:01:04]} Ne5 {[%clk 00:01:02]} {[%emt 00:00:08]} 43. Ra3 {[%clk 00:00:51]}
{[%emt 00:00:43]} Kd7 {[%clk 00:00:45]} {[%emt 00:00:48]} 44. Ra6 {[%clk
00:00:52]} {[%emt 00:00:29]} Ke7 {[%clk 00:01:14]} 45. Rd4 {[%clk 00:00:39]}
{[%emt 00:00:43]} Rcd7 {[%clk 00:00:56]} {[%emt 00:00:49]} 46. Rh4 {[%clk
00:00:33]} {[%emt 00:00:35]} Rh8 {[%clk 00:00:55]} {[%emt 00:00:30]} 47. Rd4
{[%clk 00:00:38]} {[%emt 00:00:26]} Nf7 {[%clk 00:00:52]} {[%emt 00:00:34]} 48.
g4 {[%clk 00:00:52]} {[%emt 00:00:15]} hxg4 {[%clk 00:01:20]} {[%emt 00:00:01]}
49. hxg4 {[%clk 00:01:18]} {[%emt 00:00:05]} Kf6 {[%clk 00:01:44]} {[%emt
00:00:07]} 50. b4 {[%clk 00:01:14]} {[%emt 00:00:34]} Ke5 {[%clk 00:01:59]}
{[%emt 00:00:14]} 51. Rd3 {[%clk 00:01:22]} {[%emt 00:00:22]} Rh1+ {[%clk
00:01:50]} {[%emt 00:00:38]} 52. Kb2 {[%clk 00:01:49]} {[%emt 00:00:04]} Rg1
{[%clk 00:02:12]} {[%emt 00:00:07]} 53. Ra5+ {[%clk 00:01:50]} {[%emt
00:00:30]} Kf6 {[%clk 00:02:35]} {[%emt 00:00:07]} 54. Rd4 {[%clk 00:01:49]}
{[%emt 00:00:30]} Ne5 {[%clk 00:02:16]} {[%emt 00:00:49]} 55. Ra6 {[%clk
00:01:40]} {[%emt 00:00:40]} Rxg4 {[%clk 00:01:09]} {[%emt 00:01:37]} 56.
Raxd6+ {[%clk 00:01:26]} {[%emt 00:00:44]} Rxd6 {[%clk 00:01:33]} {[%emt
00:00:06]} 57. Rxd6+ {[%clk 00:01:55]} {[%emt 00:00:02]} Kxf5 {[%clk 00:01:50]}
{[%emt 00:00:12]} 58. Kb3 {[%clk 00:01:57]} {[%emt 00:00:28]} Nc4 {[%clk
00:01:38]} {[%emt 00:00:43]} 59. Rd8 {[%clk 00:01:49]} {[%emt 00:00:37]} Ke6
{[%clk 00:01:25]} {[%emt 00:00:43]} 60. c3 {[%clk 00:01:41]} {[%emt 00:00:38]}
Ke7 {[%clk 00:01:30]} {[%emt 00:00:25]} 61. Rd5 {[%clk 00:00:55]} {[%emt
00:01:15]} Nb6 {[%clk 00:01:32]} {[%emt 00:00:29]} 62. Rb5 {[%clk 00:01:12]}
{[%emt 00:00:12]} Rg6 {[%clk 00:01:48]} {[%emt 00:00:14]} 63. Re5+ {[%clk
00:01:18]} {[%emt 00:00:24]} Kd7 {[%clk 00:02:13]} {[%emt 00:00:06]} 64. Re3
{[%clk 00:01:37]} {[%emt 00:00:10]} Rg4 {[%clk 00:02:30]} {[%emt 00:00:14]} 65.
Rh3 {[%clk 00:01:35]} {[%emt 00:00:31]} Kc6 {[%clk 00:02:02]} {[%emt 00:00:58]}
66. Rh6+ {[%clk 00:01:57]} {[%emt 00:00:08]} Kc7 {[%clk 00:02:31]} {[%emt
00:00:02]} 67. Rh7+ {[%clk 00:01:59]} {[%emt 00:00:28]} Kc6 {[%clk 00:03:00]}
{[%emt 00:00:02]} 68. Rh6+ {[%clk 00:02:10]} {[%emt 00:00:19]} Kc7 {[%clk
00:03:01]} {[%emt 00:00:28]} 69. Rh7+ {[%clk 00:01:32]} {[%emt 00:01:07]} Kc6
{[%clk 00:03:30]} {[%emt 00:00:02]} 1/2-1/2